Visualizzazione normale
Vista MARC
- Dvorak Antonin
di Personal Name
Records bibliografici associati: 1
001 - CONTROL NUMBER
- control field: 8046
003 - CONTROL NUMBER IDENTIFIER
- control field: IT-RoPau
005 - DATE AND TIME OF LATEST TRANSACTION
- control field: 20140107160948.0
008 - FIXED-LENGTH DATA ELEMENTS
- fixed length control field: 140107|| aca||aabn | a|a d
040 ## - CATALOGING SOURCE
- Original cataloging agency: IT-RoPau
- Transcribing agency: IT-RoPau
100 ## - HEADING--PERSONAL NAME
- Personal name: Dvorak Antonin
- Dates associated with a name: Codice autore musica SPICS: 10772
- Relator term: Autore musica
- Name of part/section of a work: Humoreske
670 ## - SOURCE DATA FOUND
- Source citation: Work cat.: (IT-RoPau)100034: AA.VV. 794, Musik Fur Dich vol.1 (Lp Solp-456)